000 00327nam a2200109Ia 4500
008 221009s9999 xx 000 0 und d
082 _a741.642 BOOK
100 _aविश्‍वम्‍भरसहाय
_940751
245 0 _aराम वनगमल
260 _bसस्‍ता साहित्‍य
942 _cBK
999 _c64661
_d64661